000 00656nam a2200193Ia 4500
003 OSt
005 20251204110940.0
008 210719s2002 xx 000 0 und d
040 _cAL
041 _aKannada
082 _ak894.1 VIRS
100 _aVIRAPPA MOYILI (M)
_dವೀರಪ್ಪ ಮೊಯಿಲಿ (ಎಂ)
_9247575
245 _aShriramayana mahanveshanam; dvitiya sopana.
_b ಶ್ರೀರಾಮಾಯಣ ಮಹಾನ್ವೇಷಣಂ; ದ್ವಿತೀಯ ಸೋಪಾನ.
260 _aBengaluru
_bMaheshvari Prakashana
_c2002
300 _axxxii,546
_bHB
365 _b350
_cRs
650 _aKannada Poetry
_9247576
942 _2ddc
_cBK
999 _c213738
_d213738